LEADER 00967nam0-22003251i-450- 001 990002022110403321 005 20021010 035 $a000202211 035 $aFED01000202211 035 $a(Aleph)000202211FED01 035 $a000202211 100 $a20021010d--------km-y0itay50------ba 101 0 $aita 200 1 $a<>bibliography of the membracoidea and fossil homoptera.$fZ.P. Metcalf, Virginia Wade. 210 $aRaleigh$cNorth Carolina State University$d1963 215 $a200 p.$d23 cm 610 0 $aMembracoidea 610 0 $aRhynchota Homoptera 610 0 $aRincoti Auchenorinchi 676 $a595.752 700 1$aMetcalf,$bZeno P.$085747 702 1$aWade,$bVirginia$f<1945- > 801 0$aIT$bUNINA$gRICA$2UNIMARC 901 $aBK 912 $a990002022110403321 952 $a61 IV F.7/06.1.2$b2039$fDAGEN 959 $aDAGEN 996 $aBibliography of the membracoidea and fossil homoptera$9405267 997 $aUNINA DB $aING01 LEADER 02420nam 22005415 450 001 996647863503316 005 20251116214104.0 010 $a9789819787050 010 $a981978705X 024 7 $a10.1007/978-981-97-8705-0 035 $a(MiAaPQ)EBC31900188 035 $a(Au-PeEL)EBL31900188 035 $a(CKB)37491513600041 035 $a(OCoLC)1499719186 035 $a(DE-He213)978-981-97-8705-0 035 $a(EXLCZ)9937491513600041 100 $a20250208d2025 u| 0 101 0 $aeng 135 $aurcnu|||||||| 181 $ctxt$2rdacontent 182 $cc$2rdamedia 183 $acr$2rdacarrier 200 10$aPattern Recognition and Artificial Intelligence $e4th International Conference, ICPRAI 2024, Jeju Island, South Korea, July 03-06, 2024, Proceedings, Part II /$fedited by Christian Wallraven, Cheng-Lin Liu, Arun Ross 205 $a1st ed. 2025. 210 1$aSingapore :$cSpringer Nature Singapore :$cImprint: Springer,$d2025. 215 $a1 online resource (695 pages) 225 1 $aLecture Notes in Computer Science,$x1611-3349 ;$v14893 311 08$a9789819787043 311 08$a9819787041 330 $aThis volume constitutes the refereed proceedings of the 4th International Conference on Pattern Recognition and Artificial Intelligence, ICPRAI 2024, held in Jeju Island, South Korea, during July 03-06, 2024. The 69 full papers presented together with 08 short papers were carefully reviewed and selected from a total of 135 submissions. The conference focuses on topics that includes advanced deep learning approaches for image and document processing, generative AI, novel analysis methods for medical data, and biometrics. . 410 0$aLecture Notes in Computer Science,$x1611-3349 ;$v14893 606 $aImage processing$xDigital techniques 606 $aComputer vision 606 $aComputer Imaging, Vision, Pattern Recognition and Graphics 615 0$aImage processing$xDigital techniques. 615 0$aComputer vision. 615 14$aComputer Imaging, Vision, Pattern Recognition and Graphics. 676 $a006 700 $aWallraven$b Christian$01784791 701 $aLiu$b Cheng-Lin$0861045 701 $aRoss$b Arun$01784792 801 0$bMiAaPQ 801 1$bMiAaPQ 801 2$bMiAaPQ 906 $aBOOK 912 $a996647863503316 996 $aPattern Recognition and Artificial Intelligence$94316346 997 $aUNISA